| 000 | 00503nam a2200181 a 4500 | ||
|---|---|---|---|
| 005 | 20230829063540.0 | ||
| 008 | 060502s1997 mx r 000 0 spa d | ||
| 020 | _a8489859035 | ||
| 035 | _aUPN01000144089 | ||
| 049 | _aCG | ||
| 050 | 4 |
_aRM735 _bG6.4 |
|
| 100 | 1 | _aGómez Tolón, Jesús | |
| 245 | 1 | 0 |
_aFundamentos metodológicos de la terapia ocupacional / _cJesús Gómez Tolón. |
| 260 |
_aMadrid : _bMira, _c1997. |
||
| 300 | _a156 p. | ||
| 650 | 2 |
_aTerapia ocupacional _919286 |
|
| 905 | _aLibro | ||
| 999 |
_c116236 _d116236 |
||